000 00700cam a2200205 4500
001 2521
005 20181127165239.0
008 730223s1973 inu b 001 0 eng
010 _a 73091621
043 _ae-uk---
100 1 _aCole, Howard C.
245 1 2 _aA quest of inquirie :
_bsome contexts of Tudor literature /
_cHoward C. Cole.
260 _aIndianapolis :
_bPegasus,
_c1973.
300 _axiii, 582 p. :
_c23 cm.
490 0 _aBackgrounds in English literature
504 _aIncludes bibliographies.
650 0 _aEnglish literature
_yEarly modern, 1500-1700
_xHistory and criticism.
651 0 _aEngland
_xCivilization
_y16th century.
651 0 _aGreat Britain
_xHistory
_yTudors, 1485-1603.
999 _c2011
_d2011